Library Banner

The Chachnamah (Record no. 77188)

MARC details
000 -LEADER
fixed length control field 00377nam a22001457a 4500
005 - DATE AND TIME OF LATEST TRANSACTION
control field 20151008143401.0
008 - FIXED-LENGTH DATA ELEMENTS--GENERAL INFORMATION
fixed length control field 151008b xxu||||| |||| 00| 0 eng d
040 ## - CATALOGING SOURCE
Transcribing agency PK-LaUMT
082 ## - DEWEY DECIMAL CLASSIFICATION NUMBER
Classification number KHC 954.918021
Item number KAL-C
100 ## - MAIN ENTRY--PERSONAL NAME
Personal name Kalichbeg Fredunbeg
245 ## - TITLE STATEMENT
Title The Chachnamah
Statement of responsibility, etc Kalichbeg Fredunbeg
260 ## - PUBLICATION, DISTRIBUTION, ETC. (IMPRINT)
Place of publication, distribution, etc Karachi
Name of publisher, distributor, etc Commissioner's
Date of publication, distribution, etc 1900
300 ## - PHYSICAL DESCRIPTION
Extent 207 p.
942 ## - ADDED ENTRY ELEMENTS (KOHA)
Koha item type Books
Holdings
Withdrawn status Lost status Damaged status Home library Current library Date acquired Full call number Barcode Date last seen Price effective from Koha item type
      UMT Main Campus UMT Main Campus 2015-10-08 KHC 954.918021 KAL-C 71950 2015-10-08 2015-10-08 Books